| 000 | 00352nam a22001217a 4500 | ||
|---|---|---|---|
| 999 |
_c2853 _d2853 |
||
| 005 | 20200924152621.0 | ||
| 008 | 200924b ||||| |||| 00| 0 eng d | ||
| 020 | _a0333252756 | ||
| 040 | _cCML | ||
| 245 |
_aShips and Boats. _cAllen, J.E. |
||
| 260 |
_aHong kong _bMacmillan _c1979 |
||
| 942 |
_2ddc _cBK _e1st Edition _h030 _kGEN REF 030 _mLOO |
||